00376nam a22001337a 450000500170000000800410001704100130005808200120007110000120008324500400009526000560013530000250019165000260021620240710064451.0240710b |||||||| |||| 00| 0 eng d aEnglish  a349 PRE lEnglish aPrentice Hall Weekly Legal Service  aDurban: bPrentice Hall Services (Pty) Ltd, c1962  b104 pages; c26 cm.  aLegal practice bLaw